000 00297nam a22001337a 4500
008 170714b xxu||||| |||| 00| 0 eng d
020 _a084442548236
041 _aeng
080 _a030
100 _a24
101 _aFJA
245 _aAMERICAN IDOMS DICTIONARY
_cSPEARS.R.A
942 _2udc
_cBK
999 _c20858
_d20858